01652cam a22003854i 4500003000900000005001700009008004100026035002000067040003300087100003500120245021000155264001000365300002200375336002100397337002500418338002300443502005800466504002400524520052000548526001001068526001001078526000901088526000901097526000901106526000901115526000901124526000901133526000901142526000801151526000801159526000801167526000801175526000801183650007501191PE-LiUPU20250731165424.0160129s2011 pe grm 000 0 spa d a(Sirsi) a155846 aPE-LiUPUbspacPE-LiUPUerda1 aChoque Quispe, Efraíneautor1 aFactores evangelísticos, eclesiásticos y de liderazgo asociados con la permanenecia de los miembros en las iglesias de La Paz, Cochabamba y Santa Cruz en el periodo 1998-2007 /cEfraín Choque Quispe. 0c2011. a252 hojas c29 cm atext2rdacontent aunmediated2rdamedia avolume2rdacarrier aTesisb(Dr.) -- cUniversidad Peruana Unión,d2011. aIncluye referencias3 aLa investigación sigue la metodología correlacional, no experimental de corte transversal. Esta metodología permite determinar la relación que existe entre los factores evangelísticos, eclesiásticos y de liderazgo con la permanencia de los miembro d ella IASD en las ciudades de La Paz, Cochabamba y Santa Cruz. Por la naturaleza del estudio, se empleó el enfoque cuantitativo y se utilizó la encuesta para recabar información de la muestra poblacional que permanecía entre los años 1998-2007. aSEG44 aSEG26 aP151 aP150 aP149 aP146 aP145 aP126 aP125 aP92 aP75 aP74 aP27 aP1504aAdventistas del Séptimo DíaxFidelidadvBoliviavTesis doctorales.